Interleukin 10 Levels In Egyptian Patients With Rheumatoid Arthritis / (Record no. 178596)

MARC details
000 -LEADER
fixed length control field 01473namaa22003371i 4500
005 - أخر تعامل مع التسجيلة
control field 20260419130656.0
008 - FIXED-LENGTH DATA ELEMENTS--GENERAL INFORMATION
fixed length control field 260219s1997 ua a|||frm||| 000 0 eng d
040 ## - CATALOGING SOURCE
Original cataloguing agency EG-GICUC
Language of cataloging eng
Transcribing agency EG-GICUC
Modifying agency EG-GICUC
Description conventions rda
041 0# - LANGUAGE CODE
Language code of text/sound track or separate title eng
Language code of summary or abstract eng
-- ara
049 ## - Acquisition Source
Acquisition Source Deposit
097 ## - Degree
Degree Ph.D
099 ## - LOCAL FREE-TEXT CALL NUMBER (OCLC)
Local Call Number Cai01.11.32.Ph.D.1997.Ha.I.
100 0# - MAIN ENTRY--PERSONAL NAME
Authority record control number or standard number Hatem Hamdi EL-Eishi,
Preparation preparation.
245 10 - TITLE STATEMENT
Title Interleukin 10 Levels In Egyptian Patients With Rheumatoid Arthritis /
Statement of responsibility, etc. By Hatem Hamdi EL-Eishi; Supervisors Prof. Dr. Amani Zayed, Prof. Dr. Mervat EL-Ansary, Dr. Bassel EL-Zorkany, Dr. Hala Sheeba.
246 15 - VARYING FORM OF TITLE
Title proper/short title الأنترلوكن 10 في مرضى الروماتويد المفصلى المزمن المصريين
264 #0 - PRODUCTION, PUBLICATION, DISTRIBUTION, MANUFACTURE, AND COPYRIGHT NOTICE
Date of production, publication, distribution, manufacture, or copyright notice 1997.
300 ## - PHYSICAL DESCRIPTION
Extent 218 pages :
Other physical details illustrations ;
Dimensions 25 cm. +
336 ## - CONTENT TYPE
Source rda content
Content type term text
337 ## - MEDIA TYPE
Source rdamedia
Media type term Unmediated
338 ## - CARRIER TYPE
Source rdacarrier
Carrier type term volume
502 ## - DISSERTATION NOTE
Dissertation note Thesis (Ph.D)-Cairo University, 1997.
504 ## - BIBLIOGRAPHY, ETC. NOTE
Bibliography, etc. note Bibliography: pages 166-218.
653 #0 - INDEX TERM--UNCONTROLLED
Uncontrolled term Rheumatology
-- Rehabilitation
700 0# - ADDED ENTRY--PERSONAL NAME
Personal name Amani Zayed
Relator term thesis advisor.
700 0# - ADDED ENTRY--PERSONAL NAME
Personal name Mervat EL-Ansary
Relator term thesis advisor.
700 0# - ADDED ENTRY--PERSONAL NAME
Personal name Bassel EL-Zorkany
Relator term thesis advisor.
700 0# - ADDED ENTRY--PERSONAL NAME
Personal name Hala Sheeba
Relator term thesis advisor.
900 ## - Thesis Information
Department Department of Rheumatology & Rehabilitation
Faculties Faculty of Medicine
Universities Cairo University
Grant date 1997
Supervisory body Amani Zayed
-- Mervat EL-Ansary
-- Bassel EL-Zorkany
-- Hala Sheeba
905 ## - Cataloger and Reviser Names
Cataloger Name Eman El gebaly
Reviser Names Nourhan
942 ## - ADDED ENTRY ELEMENTS (KOHA)
Source of classification or shelving scheme Dewey Decimal Classification
Koha item type Thesis
Edition 21
Suppress in OPAC No
Holdings
Source of classification or shelving scheme Home library Current library Date acquired Inventory number Full call number Barcode Date last seen Effective from Koha item type
Dewey Decimal Classification المكتبة المركزبة الجديدة - جامعة القاهرة مكتبة المئوية 19.02.2026 30720 Cai01.11.32.Ph.D.1997.Ha.I. 01010110030720000 19.02.2026 19.02.2026 Thesis
Cairo University Libraries Portal Implemented & Customized by: Eng. M. Mohamady Contacts: new-lib@cl.cu.edu.eg | cnul@cl.cu.edu.eg
CUCL logo CNUL logo
© All rights reserved — Cairo University Libraries
CUCL logo
Implemented & Customized by: Eng. M. Mohamady Contact: new-lib@cl.cu.edu.eg © All rights reserved — New Central Library
CNUL logo
Implemented & Customized by: Eng. M. Mohamady Contact: cnul@cl.cu.edu.eg © All rights reserved — Cairo National University Library